MARC

LEADER 00000nam0a2200000 4500
001 35724
005 20231101210324.0
035 |a (RuTPU)RU\TPU\book\36163 
035 |a BOOK00002815 
090 |a 35724 
100 |a 20011210d1979 km y0rusy50 ca 
101 1 |a rus  |c eng 
102 |a RU 
105 |a y z 000zy 
200 1 |a Построение и анализ вычислительных алгоритмов  |e пер. с англ.  |f А. Ахо, Дж. Хопкрофт, Дж. Ульман 
210 |a Москва  |c Мир  |d 1979 
215 |a 536 с. 
606 |a Алгоритмы составления программ  |2 stltpush  |3 (RuTPU)RU\TPU\subj\69508  |9 84343 
610 1 |a построение 
610 1 |a анализ 
610 1 |a задачи перебора 
610 1 |a массивы данных 
610 1 |a умножение чисел 
610 1 |a умножение матриц 
675 |a 681.3.06  |v 3 
675 |a 004.421  |v 4 
700 1 |a Ахо  |b А.  |g Альфред 
701 1 |a Хопкрофт  |b Дж.  |g Джон 
701 1 |a Ульман  |b Дж.  |g Джефри 
801 0 |a RU  |b 63413507  |c 20011210  |g PSBO 
801 2 |a RU  |b 63413507  |c 20180301  |g PSBO 
900 |a Теория вычислительных процессов и структур 
942 |c BK